| 000 | 00778nam a22002177a 4500 | ||
|---|---|---|---|
| 003 | MX-MxUPN | ||
| 005 | 20260108063959.0 | ||
| 008 | 250604s2002 fr| |||fr|||| 000 0 fre d | ||
| 040 |
_aMX-MxUPN _bspa _cMX-MxUPN |
||
| 041 | 0 | _afre | |
| 050 | 4 |
_aCC135 _bC65 2002 |
|
| 110 | 2 |
_aComité intergubernamental de protección del patrimonio mundial cultural y natural _956805 |
|
| 245 | 1 | 0 | _aOrientations devant guider la mise en oeuvre de la Convention du patrimoine mondial |
| 250 | _aPremiére impression | ||
| 260 |
_aParis, France : _bUnesco, Centre du patrimoine mondial, _c2002 |
||
| 300 | _a42, 7 páginas | ||
| 490 | 0 | _aWHC.02/2 | |
| 650 | 4 |
_aProtección del patrimonio cultural _xLeyes y legislación _951942 |
|
| 902 | _bVíctorGodínez/040625 | ||
| 942 |
_2lcc _cFOLL |
||
| 999 |
_c213415 _d213415 |
||